000 00329nam a2200145 i 4500
001 bg
100 1 _aBOROWSKI, Jan
245 0 _aSpoiwa gipsowe w budownictwie /
_cJan Borowski.
260 _aWarszawa,
_c1954.
040 _cBPK
041 _apol
080 _a691.55
942 _cKS
008 s pl f |000 0 pol
999 _c7180
_d7180
856 _uhttp://koha.tu.koszalin.pl/cgi-bin/koha/opac-detail.pl?biblionumber=7180
_yKatalog online BPK